000 01182pac a2200337 i 4500
003 EG-GICUC
005 20260121101554.0
008 930421s1993 enk frb 001 0 eng d
020 _a0198257686 (cloth : acidfree paper) :
_c£25.00
020 _a9780198257684
040 _aDLC
_cDLC
_dDLC
_dEG-GICUC
_beng
_erda
043 _ae-uk---
050 0 0 _aKD8406
_b.V66 1993
082 0 0 _a343.3.042
_221
092 0 4 _221
099 _aLaw 10 1993
100 1 _aVon Hirsch, Andrew.
245 1 0 _aCensure and sanctions /
_cAndrew von Hirsch.
264 _aOxford :
_aNew York :
_bClarendon Press ;
_bOxford University Press,
_c1993.
300 _a133 page ;
_c25 cm.
336 _atext
_btxt
_2rdacontent
337 _aunmediated
_bn
_2rdamedia
338 _avolume
_bnc
_2rdacarrier
504 _aIncludes bibliographical references (p. 112-129) and index.
650 0 _aSentences (Criminal procedure)
_zGreat Britain.
650 0 _aSentences (Criminal procedure)
856 4 2 _uhttps://fll.law.cu.edu.eg/fulltext/bks/ENGB10-00129.pdf
856 4 2 _3Publisher description
_uhttp://www.loc.gov/catdir/enhancements/fy0638/93004428-d.html
905 _a10
942 _2ddc
_cBK
_e21
_n0
999 _c53410
_d53410